| 000 | 00535pab a2200193 454500 | ||
|---|---|---|---|
| 008 | 180718b2010 xxu||||| |||| 00| 0 eng d | ||
| 100 | _aKamra, pawan K. | ||
| 245 | _aUrban infrastructure - road transportation problems and issues: a case study of municipal council, S.A.S. Nagar, Mohali (Punjab) | ||
| 260 | _c2010 | ||
| 300 | _ap.51-67. | ||
| 362 | _aApr-Jun | ||
| 650 | _aNagarlok | ||
| 650 | _aRoads - India - Punjab | ||
| 650 | _aRoads | ||
| 700 | _aMishra, Purva | ||
| 773 | _aNagarlok | ||
| 908 | _aN | ||
| 909 | _a87807 | ||
| 999 |
_c87807 _d87807 |
||